[Event "Marcio Eliseo de Freitas Cup"]
[Site "Rio de Janeiro"]
[Date "2015.12.15"]
[Round "2"]
[White "Martins, Jose Felix Perez"]
[Black "Elci, Pereira Diniz"]
[Result "1/2-1/2"]
[WhiteElo "2190"]
[BlackElo "2306"]
[PlyCount "54"]
[EventDate "2015.12.15"]
[EventType "swiss"]
[EventRounds "7"]
[EventCountry "BRA"]
[SourceTitle "EXT 2018"]
[Source "ChessBase"]
[SourceDate "2017.10.13"]
[SourceVersion "1"]
[SourceVersionDate "2017.10.13"]
[SourceQuality "1"]

1. e4 c5 2. Nf3 d6 3. d4 cxd4 4. Nxd4 Nf6 5. Nc3 a6 6. Qf3 e6 7. g4 Nc6 8. Nb3 Qc7 9. g5 Nd7 10. Be3 b5 11. 0-0-0 Nde5 12. Qg3 Rb8 13. f4 Nc4 14. Bf2 d5 15. exd5 Bd6 16. Qg4 Ne7 17. dxe6 Bxf4+ 18. Kb1 Bxe6 19. Qf3 0-0 20. Bg3 Ng6 21. Bxc4 Bxc4 22. Nd5 Bxd5 23. Rxd5 Rfd8 24. Bxf4 Qxf4 25. Qxf4 Nxf4 26. Rf5 Ne6 27. Rhf1 Rd7 1/2-1/2

[Event "Rio de Janeiro Trompowsky Memorial"]
[Site "Rio de Janeiro"]
[Date "2015.12.10"]
[Round "5"]
[White "Martins, Jose Felix Perez"]
[Black "Bede, Arnaldo Gomes"]
[Result "1/2-1/2"]
[WhiteElo "2190"]
[BlackElo "2306"]
[PlyCount "125"]
[EventDate "2015.12.08"]
[EventType "tourn"]
[EventRounds "9"]
[EventCountry "BRA"]
[SourceTitle "EXT 2018"]
[Source "ChessBase"]
[SourceDate "2017.10.13"]
[SourceVersion "1"]
[SourceVersionDate "2017.10.13"]
[SourceQuality "1"]

1. e4 c5 2. Nf3 e6 3. d4 cxd4 4. Nxd4 Nf6 5. Nc3 Bb4 6. e5 Nd5 7. Qg4 Nxc3 8. Qxg7 Rf8 9. Bh6 Qh4 10. a3 Qe4+ 11. Ne2 Nxe2+ 12. axb4 Nf4+ 13. Kd1 Ng6 14. h4 Qxe5 15. Qxe5 Nxe5 16. Bxf8 Kxf8 17. b5 Ke7 18. Rh3 d5 19. Rc3 Bd7 20. Rc7 a5 21. Rxb7 Kd8 22. b6 Nbc6 23. f4 Nc4 24. Bxc4 dxc4 25. Kd2 Ne7 26. Ra7 Rb8 27. R1xa5 Rxb6 28. Rh5 Rxb2 29. Rxh7 Nc6 30. Ra3 Ke7 31. Rc3 Na5 32. Rh8 Nb3+ 33. Ke3 Na1 34. Kd2 Nb3+ 35. Ke1 Nd4 36. Kd2 Nb5 37. Rxc4 Nd6 38. Rc7 Rb4 39. c4 Rb2+ 40. Kd1 Rxg2 41. c5 Rg1+ 42. Kc2 Rg2+ 43. Kc1 Rg1+ 44. Kb2 Rg2+ 45. Kb3 Nb5 46. Rb7 Nd4+ 47. Kc3 e5 48. fxe5 Nc6 49. Rh6 Rg3+ 50. Kd2 Na5 51. Ra7 Nb3+ 52. Ke2 Nxc5 53. Rd6 Ke8 54. Ra8+ Ke7 55. Ra7 Kf8 56. Rdxd7 Nxd7 57. Rxd7 Rg4 58. e6 fxe6 59. h5 Rh4 60. Rh7 Kg8 61. Rh6 Rh2+ 62. Ke3 Kf7 63. Ke4 1/2-1/2

[Event "Rio de Janeiro Larsen Memorial"]
[Site "Rio de Janeiro"]
[Date "2015.10.15"]
[Round "4"]
[White "Martins, Jose Felix Perez"]
[Black "Da Silva, Hercules Jeronymo"]
[Result "1-0"]
[WhiteElo "2175"]
[BlackElo "2234"]
[PlyCount "95"]
[EventDate "2015.10.13"]
[EventType "swiss"]
[EventRounds "7"]
[EventCountry "BRA"]
[SourceTitle "EXT 2018"]
[Source "ChessBase"]
[SourceDate "2017.10.13"]
[SourceVersion "1"]
[SourceVersionDate "2017.10.13"]
[SourceQuality "1"]

1. e4 e6 2. d4 d5 3. Nc3 Bb4 4. e5 c5 5. a3 cxd4 6. axb4 dxc3 7. Qg4 Ne7 8. Qxg7 Rg8 9. Qxh7 Nbc6 10. Nf3 Qc7 11. Ra3 cxb2 12. Bxb2 Nxb4 13. Bb5+ Bd7 14. Rc3 Qd8 15. Be2 Nbc6 16. 0-0 Qa5 17. Ra1 Qb6 18. Rb3 Qc7 19. Rb1 0-0-0 20. Bd3 Nf5 21. Bxf5 exf5 22. Qxf7 Rde8 23. Ba3 Nxe5 24. Nxe5 Qxe5 25. Re3 Qd4 26. Rxe8+ Rxe8 27. h3 Re2 28. Qf8+ Kc7 29. Bd6+ Kc6 30. Bg3 f4 31. Qb8 fxg3 32. Qxb7+ Kd6 33. Qa6+ Bc6 34. Qxe2 a5 35. Qf3 gxf2+ 36. Qxf2 Qc3 37. Qf8+ Kd7 38. Rf1 Qe3+ 39. Kh1 Kc7 40. Qg7+ Kc8 41. Rf8+ Be8 42. Qf7 Qe1+ 43. Kh2 Qe5+ 44. Qf4 Qe7 45. h4 Kb7 46. h5 Bxh5 47. Rb8+ Ka6 48. Qh6+ 1-0

[Event "Rio de Janeiro Larsen Memorial"]
[Site "Rio de Janeiro"]
[Date "2015.10.14"]
[Round "3"]
[White "Botelho, Fabio Gabriel Cardo"]
[Black "Martins, Jose Felix Perez"]
[Result "0-1"]
[WhiteElo "2127"]
[BlackElo "2175"]
[PlyCount "100"]
[EventDate "2015.10.13"]
[EventType "swiss"]
[EventRounds "7"]
[EventCountry "BRA"]
[SourceTitle "EXT 2018"]
[Source "ChessBase"]
[SourceDate "2017.10.13"]
[SourceVersion "1"]
[SourceVersionDate "2017.10.13"]
[SourceQuality "1"]

1. e4 Nc6 2. d4 d5 3. e5 Bf5 4. c3 e6 5. f4 f6 6. g4 Be4 7. Nf3 fxe5 8. fxe5 Nh6 9. Be2 Be7 10. h3 Bh4+ 11. Kf1 Bxf3 12. Bxf3 0-0 13. Kg2 Ne7 14. Rf1 c5 15. Bxh6 gxh6 16. Nd2 cxd4 17. cxd4 Ng6 18. Kh1 Nf4 19. Bg2 Qe7 20. Rc1 Nd3 21. Rc2 Nf2+ 22. Rxf2 Rxf2 23. Nf3 Rxc2 24. Qxc2 Bg5 25. Bf1 Rf8 26. Be2 Qf7 27. Kg2 Be3 28. Qd3 Qf4 29. Qd1 h5 30. gxh5 Kh8 31. Kh1 Qg3 32. Qf1 Rf5 33. h6 Rh5 34. Ng1 Rxh6 35. Qf8+ Qg8 36. Qxg8+ Kxg8 37. Nf3 Rxh3+ 38. Kg2 Rh6 39. Bd3 Kf7 40. Kf1 Rh1+ 41. Ke2 Bf4 42. a3 h5 43. Kf2 h4 44. Kg2 Ra1 45. Nxh4 Rd1 46. Bg6+ Kg7 47. Be8 Rd2+ 48. Kf3 Rxd4 49. Ng6 Bc1 50. a4 Bxb2 0-1

[Event "Rio de Janeiro El Tronador 2nd"]
[Site "Rio de Janeiro"]
[Date "2015.07.17"]
[Round "9"]
[White "Elci, Pereira Diniz"]
[Black "Martins, Jose Felix Perez"]
[Result "1-0"]
[WhiteElo "2282"]
[BlackElo "2203"]
[PlyCount "115"]
[EventDate "2015.07.13"]
[EventType "tourn"]
[EventRounds "9"]
[EventCountry "BRA"]
[SourceTitle "EXT 2016"]
[Source "ChessBase"]
[SourceDate "2015.10.08"]
[SourceVersion "1"]
[SourceVersionDate "2015.10.08"]
[SourceQuality "1"]

1. e4 Nc6 2. d4 d5 3. exd5 Nb4 4. c3 Nxd5 5. Nf3 Bg4 6. Be2 e6 7. 0-0 Bd6 8. h3 Bh5 9. Qb3 Qc8 10. c4 Ndf6 11. g4 Bg6 12. Nc3 c6 13. Ne5 Ne7 14. Bf4 Bc7 15. Qa3 Qd8 16. Rad1 0-0 17. Bf3 Nd7 18. Nxd7 Qxd7 19. Bxc7 Qxc7 20. d5 exd5 21. cxd5 cxd5 22. Rfe1 Be4 23. Nxe4 dxe4 24. Bxe4 Rfe8 25. Qd6 Qxd6 26. Rxd6 Rab8 27. Rd7 Ng6 28. Re3 Nf4 29. Kh2 Red8 30. Rxd8+ Rxd8 31. Bxb7 g5 32. Kg3 Rd2 33. Ra3 Rxb2 34. Rxa7 Kg7 35. Be4 Ne2+ 36. Kf3 Ng1+ 37. Kg2 Ne2 38. a4 Nf4+ 39. Kf1 Ra2 40. f3 h6 41. a5 Kf6 42. Ke1 Nxh3 43. Rxf7+ Ke5 44. Bb7 Nf4 45. a6 Nd3+ 46. Kd1 Nf2+ 47. Kc1 Nd3+ 48. Kb1 Ra3 49. Be4 Nc5 50. a7 Nxe4 51. fxe4 Kxe4 52. Kb2 Ra6 53. Kb3 Kd5 54. Kb4 Ra1 55. Kb5 Ke6 56. Rc7 Kd6 57. Rc6+ Kd5 58. Ra6 1-0

[Event "Rio de Janeiro Nezhmetdinov Memorial"]
[Site "Rio de Janeiro"]
[Date "2015.04.24"]
[Round "3"]
[White "Martins, Jose Felix Perez"]
[Black "Borensztajn, David"]
[Result "1/2-1/2"]
[WhiteElo "2181"]
[BlackElo "2031"]
[PlyCount "46"]
[EventDate "2015.04.23"]
[EventType "swiss"]
[EventRounds "7"]
[EventCountry "BRA"]
[SourceTitle "CBM 166 Extra"]
[Source "ChessBase"]
[SourceDate "2015.06.18"]
[SourceVersion "1"]
[SourceVersionDate "2015.06.18"]
[SourceQuality "1"]

1. d4 Nf6 2. Nf3 d5 3. Bf4 c6 4. e3 Qb6 5. b3 Bf5 6. Bd3 Bg6 7. Qe2 e6 8. h3 Nbd7 9. 0-0 c5 10. c4 Be7 11. Nc3 0-0 12. Bxg6 hxg6 13. cxd5 Nxd5 14. Nxd5 exd5 15. Rac1 Rac8 16. Rfd1 c4 17. bxc4 Qa6 18. e4 Rxc4 19. Rxc4 Qxc4 20. Qxc4 dxc4 21. Kf1 Nf6 22. Ng5 Re8 23. f3 b5 1/2-1/2

[Event "Rio de Janeiro Euwe Memorial 1st"]
[Site "Rio de Janeiro"]
[Date "2014.06.21"]
[Round "5"]
[White "Braga Ubirani, De Souza"]
[Black "Martins, Jose Felix Perez"]
[Result "1/2-1/2"]
[WhiteElo "2255"]
[BlackElo "2199"]
[PlyCount "80"]
[EventDate "2014.06.19"]
[EventType "swiss"]
[EventRounds "7"]
[EventCountry "BRA"]
[SourceTitle "CBM 161 Extra"]
[Source "ChessBase"]
[SourceDate "2014.08.29"]
[SourceVersion "1"]
[SourceVersionDate "2014.08.29"]
[SourceQuality "1"]

1. e4 c5 2. Nf3 Nc6 3. d4 cxd4 4. Nxd4 Nf6 5. Nc3 e5 6. Ndb5 d6 7. Bg5 a6 8. Bxf6 gxf6 9. Na3 b5 10. Nd5 f5 11. Bd3 Be6 12. 0-0 Bxd5 13. exd5 Ne7 14. c3 Bg7 15. Qh5 e4 16. Bc2 Qc8 17. Rae1 0-0 18. Kh1 Ng6 19. Bb1 Re8 20. f4 exf3 21. Qxf3 Rxe1 22. Rxe1 f4 23. Nc2 a5 24. Nd4 Bxd4 25. cxd4 Qc4 26. Qf2 Ra7 27. Be4 Qxa2 28. h4 h5 29. Bxg6 fxg6 30. Qxf4 Qxd5 31. Re8+ Kh7 32. Qf6 Rg7 33. Qd8 Rg8 34. Rxg8 Qxg8 35. Qxd6 Qf7 36. Qe5 Qf5 37. Qc7+ Kh6 38. Qxa5 Qf1+ 39. Kh2 Qf4+ 40. g3 Qf2+ 1/2-1/2

[Event "Natal CC op"]
[Site "Natal"]
[Date "2013.12.29"]
[Round "6"]
[White "Juer, Jayme Jacob E"]
[Black "Martins, Jose Felix Perez"]
[Result "1-0"]
[WhiteElo "2216"]
[BlackElo "2258"]
[PlyCount "37"]
[EventDate "2012.12.26"]
[EventType "swiss"]
[EventRounds "6"]
[EventCountry "BRA"]
[SourceTitle "EXT 2016"]
[Source "ChessBase"]
[SourceDate "2015.10.08"]
[SourceVersion "1"]
[SourceVersionDate "2015.10.08"]
[SourceQuality "1"]

1. d4 Nc6 2. Nf3 d5 3. Bf4 Bg4 4. e3 e6 5. c4 Bb4+ 6. Nc3 Nf6 7. Rc1 0-0 8. h3 Bxf3 9. Qxf3 Bxc3+ 10. bxc3 Qe7 11. cxd5 Nxd5 12. Bc4 Nxf4 13. Qxf4 Qa3 14. 0-0 Na5 15. Bd3 Qxa2 16. Ra1 Qd5 17. Be4 Qh5 18. g4 Qb5 19. Rfb1 1-0

[Event "Natal CC op"]
[Site "Natal"]
[Date "2013.12.26"]
[Round "1"]
[White "Martins, Jose Felix Perez"]
[Black "Cunha, Eduardo Arruda da G"]
[Result "0-1"]
[WhiteElo "2258"]
[BlackElo "2182"]
[PlyCount "58"]
[EventDate "2012.12.26"]
[EventType "swiss"]
[EventRounds "6"]
[EventCountry "BRA"]
[SourceTitle "EXT 2016"]
[Source "ChessBase"]
[SourceDate "2015.10.08"]
[SourceVersion "1"]
[SourceVersionDate "2015.10.08"]
[SourceQuality "1"]

1. c4 Nf6 2. Nc3 e5 3. Nf3 Nc6 4. d4 exd4 5. Nxd4 Bb4 6. Nxc6 bxc6 7. Bg5 0-0 8. e3 h6 9. Bh4 d5 10. Bd3 d4 11. exd4 Re8+ 12. Be2 g5 13. Bg3 Ne4 14. Qd3 Bf5 15. Qf3 Nxc3 16. bxc3 Bg4 17. Qxg4 Bxc3+ 18. Kf1 Bxa1 19. h4 Rb8 20. Bd3 Bxd4 21. Qf5 Rb2 22. Kg1 Rd2 23. Be4 Re6 24. hxg5 Rd1+ 25. Kh2 Rxh1+ 26. Kxh1 Qxg5 27. Qh7+ Kf8 28. a4 Qh5+ 29. Kg1 Qg4 0-1

[Event "Natal-ch"]
[Site "Mangaratiba"]
[Date "2009.12.30"]
[Round "5.2"]
[White "Bede, Arnaldo Gomes"]
[Black "Martins, Jose Felix Perez"]
[Result "1/2-1/2"]
[WhiteElo "1800"]
[BlackElo "2286"]
[PlyCount "68"]
[EventDate "2009.12.28"]
[EventType "swiss"]
[EventRounds "7"]
[EventCountry "BRA"]
[SourceTitle "EXT 2022"]
[Source "ChessBase"]
[SourceDate "2021.10.06"]
[SourceVersion "1"]
[SourceVersionDate "2021.10.06"]
[SourceQuality "1"]

1. e4 g6 2. d4 Bg7 3. Nc3 d6 4. Nf3 Nf6 5. Be2 0-0 6. 0-0 c6 7. a4 Nbd7 8. h3 Qc7 9. Be3 b6 10. Nd2 e5 11. dxe5 Nxe5 12. f4 Ned7 13. Bd4 Re8 14. Nf3 Bb7 15. a5 bxa5 16. Bc4 Re7 17. Ng5 d5 18. exd5 cxd5 19. Bb3 Bc6 20. f5 h6 21. Nf3 g5 22. Qd3 a6 23. Kh1 Ree8 24. Rfe1 Rxe1+ 25. Rxe1 Qd6 26. Ba2 Nc5 27. Qe3 Ncd7 28. Qd3 Bb7 29. Qd2 Rc8 30. Bg1 Kh7 31. Nxd5 Bxd5 32. c4 Nc5 33. Bxc5 Rxc5 34. cxd5 Kg8 1/2-1/2

[Event "Natal-ch"]
[Site "Mangaratiba"]
[Date "2009.12.30"]
[Round "4.2"]
[White "Martins, Jose Felix Perez"]
[Black "Vieira, Icaro Antonio Geral"]
[Result "1-0"]
[WhiteElo "2286"]
[BlackElo "2184"]
[PlyCount "95"]
[EventDate "2009.12.28"]
[EventType "swiss"]
[EventRounds "7"]
[EventCountry "BRA"]
[SourceTitle "EXT 2022"]
[Source "ChessBase"]
[SourceDate "2021.10.06"]
[SourceVersion "1"]
[SourceVersionDate "2021.10.06"]
[SourceQuality "1"]

1. e4 c5 2. Nf3 Nc6 3. g3 Nf6 4. d3 d6 5. Bg2 g6 6. 0-0 Bg7 7. c3 0-0 8. Be3 h6 9. Qd2 Ng4 10. Na3 Nxe3 11. fxe3 Bd7 12. d4 Rc8 13. Rf2 b6 14. Raf1 a6 15. Nh4 Qc7 16. Nc2 b5 17. Ne1 b4 18. Nd3 bxc3 19. bxc3 Na5 20. e5 Nc4 21. Qe2 dxe5 22. Nxc5 Nd6 23. a4 g5 24. Nf3 Bc6 25. Nxe5 Bxg2 26. Kxg2 Bxe5 27. dxe5 Qxc5 28. exd6 Qd5+ 29. Kg1 Qxd6 30. c4 f6 31. Rd1 Qc6 32. Rd4 Qxa4 33. Qd3 Kg7 34. h4 Qa1+ 35. Rf1 Qa4 36. Rd7 Rf7 37. h5 Qxc4 38. Qg6+ Kf8 39. Rfd1 Re8 40. Rd8 Qc7 41. Qxh6+ Rg7 42. Qh8+ Kf7 43. Qxe8+ Ke6 44. Kg2 Qc2+ 45. R1d2 Qe4+ 46. Kh2 g4 47. R8d6+ Kf5 48. R2d5+ 1-0

[Event "Rio de Janeiro Baptista Caiafa Memorial"]
[Site "Rio de Janeiro"]
[Date "2009.05.04"]
[Round "2.1"]
[White "Martins, Jose Felix Perez"]
[Black "Rangel, Daniel"]
[Result "1/2-1/2"]
[WhiteElo "2311"]
[BlackElo "1999"]
[PlyCount "69"]
[EventDate "2009.05.01"]
[EventType "tourn"]
[EventRounds "9"]
[EventCountry "BRA"]
[SourceTitle "EXT 2022"]
[Source "ChessBase"]
[SourceDate "2021.10.06"]
[SourceVersion "1"]
[SourceVersionDate "2021.10.06"]
[SourceQuality "1"]

1. d4 Nf6 2. c4 c5 3. d5 b5 4. cxb5 a6 5. bxa6 g6 6. Nc3 Bxa6 7. Nf3 Qa5 8. Bd2 Bg7 9. d6 exd6 10. Ne4 Qb6 11. Bc3 Nxe4 12. Bxg7 Qb4+ 13. Nd2 Rg8 14. Bh6 d5 15. Qb3 Qxb3 16. axb3 Nc6 17. e3 Nb4 18. Bxa6 Nc2+ 19. Ke2 Nxd2 20. Kxd2 Nxa1 21. Rxa1 g5 22. Ra5 Rg6 23. Rxc5 Raxa6 24. Rc8+ Ke7 25. Bf8+ Ke6 26. Re8+ Kf5 27. f3 Ra2 28. g4+ Kf6 29. Be7+ Ke5 30. Bxg5+ Re6 31. Bf4+ Kf6 32. Rg8 Rxb2+ 33. Kc3 Ra2 34. Bg5+ Ke5 35. Bf4+ 1/2-1/2

[Event "Rio de Janeiro Baptista Caiafa Memorial"]
[Site "Rio de Janeiro"]
[Date "2009.05.01"]
[Round "3.1"]
[White "Oliveira, Fernando Ventura"]
[Black "Martins, Jose Felix Perez"]
[Result "1/2-1/2"]
[WhiteElo "2148"]
[BlackElo "2311"]
[PlyCount "147"]
[EventDate "2009.05.01"]
[EventType "tourn"]
[EventRounds "9"]
[EventCountry "BRA"]
[SourceTitle "EXT 2022"]
[Source "ChessBase"]
[SourceDate "2021.10.06"]
[SourceVersion "1"]
[SourceVersionDate "2021.10.06"]
[SourceQuality "1"]

1. d4 Nc6 2. Bf4 d5 3. e3 Bf5 4. Bd3 Bxd3 5. Qxd3 e6 6. Ne2 Bd6 7. 0-0 Nf6 8. c4 Nb4 9. Qb3 dxc4 10. Qxc4 Nbd5 11. Bxd6 cxd6 12. Nbc3 0-0 13. Qb5 Nxc3 14. Nxc3 Qe7 15. f3 Rac8 16. Rac1 a6 17. Qd3 Rc6 18. e4 Rfc8 19. Ne2 d5 20. e5 Nd7 21. Rxc6 Rxc6 22. Qd2 Nb6 23. b3 Nc8 24. Rc1 Qc7 25. Rxc6 Qxc6 26. Qc3 Qxc3 27. Nxc3 Kf8 28. Kf2 Ke7 29. Ke3 f6 30. Na4 b6 31. exf6+ gxf6 32. g4 Kd7 33. h4 Kc6 34. Kd3 Nd6 35. Nc3 e5 36. Ke3 Nf7 37. dxe5 fxe5 38. Ne2 Kd6 39. Ng3 Nh8 40. h5 Nf7 41. f4 d4+ 42. Ke4 exf4 43. Kxf4 h6 44. Ke4 Kc5 45. Nf5 Ng5+ 46. Kd3 Nf7 47. Nxd4 Ne5+ 48. Ke4 Nxg4 49. a3 Nf2+ 50. Ke5 Nd3+ 51. Ke4 Nf2+ 52. Ke3 Ng4+ 53. Ke4 Nf6+ 54. Ke5 Nxh5 55. Ne6+ Kc6 56. Nd4+ Kd7 57. Nf5 Kc6 58. Nxh6 Ng3 59. Kd4 b5 60. Ng4 Nf5+ 61. Ke4 Nd6+ 62. Kd3 Kd5 63. Nf6+ Ke6 64. Ne4 Nxe4 65. Kxe4 Kd6 66. Kd4 a5 67. b4 a4 68. Ke4 Ke6 69. Kd4 Kd6 70. Ke4 Ke6 71. Ke3 Kd5 72. Kd3 Ke5 73. Ke3 Kd5 74. Kd3 1/2-1/2

[Event "Rio de Janeiro Baptista Caiafa Memorial"]
[Site "Rio de Janeiro"]
[Date "2009.05.01"]
[Round "9.1"]
[White "Petrenko, Willy"]
[Black "Martins, Jose Felix Perez"]
[Result "1/2-1/2"]
[WhiteElo "2084"]
[BlackElo "2311"]
[PlyCount "41"]
[EventDate "2009.05.01"]
[EventType "tourn"]
[EventRounds "9"]
[EventCountry "BRA"]
[SourceTitle "EXT 2022"]
[Source "ChessBase"]
[SourceDate "2021.10.06"]
[SourceVersion "1"]
[SourceVersionDate "2021.10.06"]
[SourceQuality "1"]

1. e4 c5 2. Nc3 Nc6 3. g3 g6 4. Bg2 Bg7 5. Nf3 Nf6 6. 0-0 0-0 7. d3 d6 8. Re1 e5 9. h3 Be6 10. Be3 Nd4 11. Kh2 Qd7 12. a3 b5 13. Ng5 Qc6 14. Nxe6 fxe6 15. Ne2 a5 16. c3 Nxe2 17. Qxe2 a4 18. Bg5 h6 19. Bxf6 Rxf6 20. Rf1 Raf8 21. Kg1 1/2-1/2